000 00666nam a2200241Ia 4500
003 OSt
005 20220924122547.0
006 a|||||r|||| 00| 0
007 ta
008 220923b |||||||| |||| 00| 0 urd d
024 _a322351
037 _cTextual
040 _aARTS
_cARTS
_burd
041 _2urd
_aurd
082 _aR65,6, 168E3
100 _aTamanna Ram Sahai Au.
_9189925
245 0 _aBhagwad Gita
_bmanzooma-e-tamanna
260 _aLuckhnow
_bMunshi Naval Kishore India
_c1913
300 _a132p.
_ccm.
650 _aBHAGAVAD GITA
942 _hR65,6, 168E3
_cTEXL
_2CC
999 _c412139
_d412139